ბათუმის შოთა რუსთაველის სახელმწიფო უნივერსიტეტის ბიბლიოთეკა

Наглядная органическая химия (ბიბ.ჩანაწერი № 35260)

000 -LEADER
fixed length control field 00720nam a2200241Ia 4500
001 - CONTROL NUMBER
control field 1109
003 - CONTROL NUMBER IDENTIFIER
control field GE_BSU
008 - FIXED-LENGTH DATA ELEMENTS--GENERAL INFORMATION
fixed length control field 181216s||||||||xx |||||||||||||| ||und||
020 ## - INTERNATIONAL STANDARD BOOK NUMBER
International Standard Book Number 9785970408179
040 ## - CATALOGING SOURCE
Transcribing agency GE_BSU
080 ## - UNIVERSAL DECIMAL CLASSIFICATION NUMBER
Universal Decimal Classification number 577.1(075.8)
100 ## - MAIN ENTRY--PERSONAL NAME
Personal name Харвуд,Л., Мак-Кендрик,Дж., Уайтхед,Р.
245 ## - TITLE STATEMENT
Title Наглядная органическая химия
245 ## - TITLE STATEMENT
Statement of responsibility, etc. Под ред.Н.А.Тюкавкиной, С.Э.Зурабяна
260 ## - PUBLICATION, DISTRIBUTION, ETC.
Place of publication, distribution, etc. Москва
260 ## - PUBLICATION, DISTRIBUTION, ETC.
Name of publisher, distributor, etc. ГЭОТАР-МЕДИА
260 ## - PUBLICATION, DISTRIBUTION, ETC.
Date of publication, distribution, etc. 2008
300 ## - PHYSICAL DESCRIPTION
Extent 112стр.
653 ## - INDEX TERM--UNCONTROLLED
Uncontrolled term Наглядная органическая химия
653 ## - INDEX TERM--UNCONTROLLED
Uncontrolled term Химия
942 ## - ADDED ENTRY ELEMENTS (KOHA)
Koha item type წიგნი
ეგზემპლარები
Withdrawn status Lost status Damaged status Not for loan Date acquired Barcode Date last seen Price effective from Koha item type Public note
        2018-12-17 2425 2018-12-17 2018-12-17 წიგნი დარბაზი